UBT Library

States' rights and the union : (Record no. 44849)

000 -LEADER
fixed length control field 00839cam a22002534a 4500
001 - CONTROL NUMBER
control field 11965753
005 - DATE AND TIME OF LATEST TRANSACTION
control field 20180313051600.0
008 - FIXED-LENGTH DATA ELEMENTS--GENERAL INFORMATION
fixed length control field 000405s2000 ksu b 001 0 eng
010 ## - LIBRARY OF CONGRESS CONTROL NUMBER
LC control number 00039242
020 ## - INTERNATIONAL STANDARD BOOK NUMBER
International Standard Book Number 0700610405 (cloth : alk. paper)
040 ## - CATALOGING SOURCE
Original cataloging agency DLC
Transcribing agency DLC
Modifying agency DLC
041 ## - LANGUAGE CODE
Language code of text/sound track or separate title eng
042 ## - AUTHENTICATION CODE
Authentication code pcc
043 ## - GEOGRAPHIC AREA CODE
Geographic area code n-us---
080 ## - UNIVERSAL DECIMAL CLASSIFICATION NUMBER
Universal Decimal Classification number 320.80973 for
082 00 - DEWEY DECIMAL CLASSIFICATION NUMBER
Classification number 320.80973 for
Edition number 21
100 1# - Rafti
Rafti 21
101 ## - Shkurtesa
Shkurtesa pol
245 10 - TITLE STATEMENT
Title States' rights and the union :
Statement of responsibility, etc Forrest McDonald.
504 ## - BIBLIOGRAPHY, ETC. NOTE
Bibliography, etc Includes bibliographical references and index.
906 ## - LOCAL DATA ELEMENT F, LDF (RLIN)
a 7
b cbc
c orignew
d 1
e ocip
f 20
g y-gencatlg
942 ## - ADDED ENTRY ELEMENTS (KOHA)
Source of classification or shelving scheme
Item type Books
Holdings
Withdrawn status Lost status Source of classification or shelving scheme Damaged status Not for loan Collection code Permanent location Current location Shelving location Date acquired Total Checkouts Full call number Barcode Date last seen Price effective from Koha item type
          Koleksioni i përgjithshem UBT - Lipjan UBT - Lipjan Koleksioni i përgjithshem 03/13/2018   320.80973 for 002-3002034 03/13/2018 03/13/2018 Books
UBT Library © 2015-2024. All rights reserved University Education for Business and Technology